Statistiques concernant Clips du top 50 de l'année 2005

Cliquez ici pour prendre le quiz!

Statistiques générales

  • Ce quiz a été pris 140 fois
  • Le résultat moyen est 5 sur 8

Statistiques - réponses

Réponse% Correct
Amel Bent - Ma philosophie
98%
Céline Dion - Je ne vous oublie pas
85%
Grégory Lemarchal - Écris l'histoire
84%
M. Pokora - Pas sans toi
76%
Chimène Badi - Je viens du sud
54%
Lââm - Petite Sœur
41%
Raphaël - Caravane
41%
Tina Arena - Aimer jusqu'à l'impossible
34%

Distribution des résultats

Percentile par nombre de réponses

% des personnes avec chaque résultat

Votre développement - résultats

Vous n’avez pas pris ce quiz